书目信息 |
| 书名: | 世界近代史 | |
| 作者: | 叶菲莫夫著. | |
| 分册号: | ||
| 分册名: | 出版地: | 莫斯科 : |
|
| 出版社: | 教育出版社 | |
| 出版时间: | 1979. | |
| 页数: | 270 p. ; | |
| 开本: | 20cm. | |
| 丛书名: | ||
| 中图分类号: | ||
| 科图分类号: | ||
| 其他分类号: | K141 | |
| 主题词: | ||
| 电子资源: | ||
| 000 | 00469nam 2200193 a 4500 | |
| 001 | E0753255281 | |
| 005 | 20070730150025.12 | |
| 008 | 070730s1979 00010 eng | |
| 020 | @cCNY2.03. | |
| 040 | @aPFT@bchi | |
| 041 | @achi@hrus | |
| 090 | @aK141 | |
| 099 | @dK141@ex47:2=17 | |
| 245 | 1 | @a世界近代史.@n下册 / @c叶菲莫夫著. |
| 250 | @a17版. | |
| 260 | @a莫斯科 :@b教育出版社,@c1979. | |
| 300 | @a270 p. ;@c20cm. | |
| 500 | @a九年级中学用书 | |
| 650 | @a世界史@y近代 | |
| 世界近代史.. 下册 / / 叶菲莫夫著.-17版.-莫斯科 : : 教育出版社, , 1979. |
| 270 p. ; ; 20cm. |
| 九年级中学用书 |
| ISBN CNY2.03. |
| ● |
| 相关链接 |
|
|
|
|
正题名:世界近代史
索取号:K141/x47:2=17
 
预约/预借
| 序号 | 登录号 | 条形码 | 馆藏地/架位号 | 状态 | 备注 |
| 1 | 47915 | 001307259 | 第二样本阅览室/ [索取号:K141/x47:2=17] | 在馆 |